000 00336nam a22001457a 4500
008 180809b xxu||||| |||| 00| 0 eng d
020 _a0721651992
041 _aeng
080 _a616.053
082 _a616.053 HIC
100 _a7
101 _aKAR
245 _aCardiopulmonary Anatomy and Physiology
_cHICK.G.H
942 _2udc
_cBK
999 _c46988
_d46988